000 00507nam a2200169Ia 4500
999 _c12582
_d12582
003 OSt
005 20201016152216.0
008 190216s9999||||xx |||||||||||||| ||und||
040 _coclc
082 _a320.954
_bMEN/M
100 _aMenon, K P Sankara
_91821
245 0 _aMany Worlds An Autobiography /
_cK P Sankara Menon
260 _bPublishing Company Ltd,
_c1965.
_aBombay:
300 _a324p
650 _aEnglish Literature
942 _cBK
_2ddc
_h320.954
_iMEN/M
_k320.954
_mMEN/M